Tourism destination management: Strategic practices and policies (Record no. 24151)

MARC details
000 -LEADER
fixed length control field 00488nam a2200169Ia 4500
008 - FIXED-LENGTH DATA ELEMENTS--GENERAL INFORMATION
fixed length control field 230917s9999||||xx |||||||||||||| ||und||
020 ## - ISBN
Price RS1100
040 ## - CATALOGING SOURCE
-- 242413
Original cataloging agency VIVEKANANDA LIBRARY
041 ## - Language
-- English
082 ## - DDC NUMBER
Classification number 338.4791 A56T
100 ## - MAIN ENTRY--PERSONAL NAME
Personal name Aima, Ashok
245 #0 - TITLE STATEMENT
Title Tourism destination management: Strategic practices and policies
260 ## - PUBLICATION, DISTRIBUTION, ETC. (IMPRINT)
Place of publication, distribution, etc New Delhi
Name of publisher, distributor, etc Kanishka Publication
Date of publication, distribution, etc 2012
300 ## - PHYSICAL DESCRIPTION
Pages xv, 416 p.
500 ## - GENERAL NOTE
General note 2887 26/09/2017 HBD17/7056 26/09/2017 IHTM (SFS)
942 ## - ADDED ENTRY ELEMENTS (KOHA)
Koha item type Books
Holdings
Withdrawn status Lost status Damaged status Not for loan Location (home branch) Sublocation or collection (holding branch) Shelving location Date acquired Koha issues (times borrowed) Koha full call number Accession No. Koha date last seen Koha item type
        VIVEKANANDA LIBRARY VIVEKANANDA LIBRARY IHTM Library 25/10/2017   338.4791 A56T 367189 17/09/2023 Books
        VIVEKANANDA LIBRARY VIVEKANANDA LIBRARY IHTM Library 25/10/2017   338.4791 A56T 367190 17/09/2023 Books
        VIVEKANANDA LIBRARY VIVEKANANDA LIBRARY IHTM Library 25/10/2017   338.4791 A56T 367191 17/09/2023 Books
        VIVEKANANDA LIBRARY VIVEKANANDA LIBRARY IHTM Library 25/10/2017   338.4791 A56T 367192 17/09/2023 Books
        VIVEKANANDA LIBRARY VIVEKANANDA LIBRARY IHTM Library 25/10/2017   338.4791 A56T 367193 17/09/2023 Books
© Designed and Maintained by Vivekananda Library, MDU Rohtak